Villes d'Espagne - Mort subite - Statistiques

Statistiques générales
  • Ce quiz a été pris 62 481 fois
    60 793 depuis la dernière actualisation
  • Le résultat moyen est 10 sur 20
Answers on the Grid
Answers color-coded by a green-red scale on the quiz's grid according to % correct below.
Bayonne
Gibraltar
Acapulco
Tegucigalpa
Llobregat
Hendaye
Perpignan
Fès
Porto
Andorre-la-Vieille
Los Alamos
Port-d'Espagne
Guantánamo
Xerxès
Tanger
Porto-Novo
Valladolid
Saragosse
Salamanque
Cordoue
Gérone
Melilla
Ceuta
Valence
Tolède
Murcie
Madrid
Llivia
Grenade
Cadix
Tarragone
Barcelone
Ibiza
Bilbao
Saint-Jacques-de-Compostelle
Séville
 
Statistiques - réponses
Réponse % Correct
Madrid
72%
Barcelone
71%
Séville
70%
Valence
67%
Bilbao
64%
Ibiza
63%
Grenade
61%
Valladolid
54%
Saragosse
53%
Cadix
52%
Cordoue
47%
Gérone
47%
Tolède
45%
Saint-Jacques-de-Compostelle
42%
Tarragone
41%
Murcie
36%
Salamanque
36%
Ceuta
34%
Melilla
28%
Llivia
14%
Aucun quiz correspondant
Distribution des résultats
% des personnes avec chaque résultat
Percentile par nombre de réponses
Votre historique - résultats
Vous n’avez pas pris ce quiz depuis la dernière actualisation